Hampir buta : (Record no. 5587)

MARC details
000 -LEADER
fixed length control field 00769nab a22002417i 4500
001 - CONTROL NUMBER
control field 08264
003 - CONTROL NUMBER IDENTIFIER
control field HDC
007 - PHYSICAL DESCRIPTION FIXED FIELD--GENERAL INFORMATION
fixed length control field cr bn ---aaaaa
008 - FIXED-LENGTH DATA ELEMENTS--GENERAL INFORMATION
fixed length control field 210127c20170802my n|| o||| 00| 0 may
040 ## - CATALOGING SOURCE
Original cataloging agency HDC
245 #0 - TITLE STATEMENT
Title Hampir buta :
Remainder of title Pengguna terpengaruh produk penjagaan dalam talian alami radang mata
336 ## - CONTENT TYPE
Content type term text
Source rdacontent
337 ## - MEDIA TYPE
Media type term computer
Source rdamedia
338 ## - CARRIER TYPE
Carrier type term online resource
Source rdacarrier
650 ## - SUBJECT ADDED ENTRY--TOPICAL TERM
Topical term or geographic name entry element Industri
9 (RLIN) 8384
650 ## - SUBJECT ADDED ENTRY--TOPICAL TERM
Topical term or geographic name entry element Kesihatan
9 (RLIN) 2956
650 ## - SUBJECT ADDED ENTRY--TOPICAL TERM
Topical term or geographic name entry element Produk
9 (RLIN) 8766
710 ## - ADDED ENTRY--CORPORATE NAME
Corporate name or jurisdiction name as entry element Harian Metro
856 ## - ELECTRONIC LOCATION AND ACCESS
Public note Request full-text at [email protected]
942 ## - ADDED ENTRY ELEMENTS (KOHA)
Source of classification or shelving scheme Library of Congress Classification
942 ## - ADDED ENTRY ELEMENTS (KOHA)
Koha item type Newspaper Articles
942 ## - ADDED ENTRY ELEMENTS (KOHA)
Call number prefix NWSC 001664
Holdings
Withdrawn status Lost status Source of classification or shelving scheme Damaged status Not for loan Home library Current library Shelving location Date acquired Total checkouts Full call number Date last seen Price effective from Koha item type
    Library of Congress Classification     Halal Development Corporation Library Halal Development Corporation Library Open Shelves 24/05/2023   NWSC 001664 24/05/2023 24/05/2023 Newspaper Articles
Halal Development Corporation Berhad (HDC)
5.02 Level 5, KPMG Tower, First Avenue, Persiaran Bandar Utama, 47800 Petaling Jaya, Selangor Darul Ehsan
Phone: +603 7965 5489 Email: [email protected]